Procesos de formación de grupos en la enseñanza primaria y media

Guardat en:
Dades bibliogràfiques
Autor principal: Smith, Louis M (Autor)
Format: Llibre
Idioma:espanyol
Publicat: Buenos Aires Librería del Colegio 1970
Col·lecció:Nueva Pedagogía, 19
Matèries:
Etiquetes: Afegir etiqueta
Sense etiquetes, Sigues el primer a etiquetar aquest registre!

MARC

LEADER 00000nam a2200000 a 4500
001 UCU1023
003 CL-VaPUC
008 960329e19700000AG |||||||||||||||||spa|d
082 0 4 |a 302.34  |b SMI  |2 21 
100 0 |a Smith, Louis M  |e author  |9 356609 
245 1 0 |a Procesos de formación de grupos en la enseñanza primaria y media 
300 |a 35 p 
942 |c BK 
945 |d 19960329 00:00:00  |a lriquelm 
260 |a Buenos Aires  |b Librería del Colegio  |c 1970 
650 0 |a Estudiantes   |9 257640 
650 0 |a Sociología de la educación   |9 260380 
650 7 |a ORGANIZACIONES DE ESTUDIANTES  |2 CL-VaPUC  |9 341277 
650 0 |a Educación básica   |9 224933 
650 7 |a GRUPOS DE EDAD  |2 CL-VaPUC  |9 335033 
583 |a last modification  |c 19960329 00:00:00  |k Rodrigo Vera 
490 0 |a Nueva Pedagogía, 19 
999 |c 245794  |d 245792 
952 |0 0  |1 0  |4 0  |6 302_340000000000000_SMI_1970  |7 0  |8 P  |9 260393  |a BIBEDU  |b BIBEDU  |c BIBEDU_PB  |d 2019-11-19  |i 1639269  |o 302.34 SMI 1970  |p 1639269  |r 2019-11-19  |w 2019-11-19  |y BK  |k EDU